|
|
|
|
| LEADER |
00753nam a2200217 a 4500 |
| 001 |
c000094632 |
| 003 |
CARM |
| 005 |
00000000000000.0 |
| 008 |
940729r19351927enk 00011 eng d |
| 019 |
1 |
|
|a 11034474
|5 LACONCORD2021
|
| 035 |
|
|
|a (OCoLC)221551745
|5 LACONCORD2021
|
| 100 |
1 |
|
|a Roberts, Cecil,
|d 1892-
|
| 245 |
1 |
4 |
|a The love rack /
|c by Cecil Roberts.
|
| 250 |
|
|
|a Cheap ed.
|
| 260 |
|
|
|a London :
|b Heinemann,
|c 1927.
|
| 300 |
|
|
|a 390 p. ;
|c 19 cm.
|
| 500 |
|
|
|a First published: 1925.
|
| 852 |
8 |
|
|b CARM
|h A2:AG11H0
|i A00951
|p 0103976
|f BK
|
| 082 |
0 |
4 |
|a 823.912
|2 20
|
| 999 |
f |
f |
|i 91cec1a0-3234-5ada-8318-f3b5a7baf947
|s 0507014b-8ecb-5389-a3aa-04f8f06ebc79
|
| 952 |
f |
f |
|p Can circulate
|a CAVAL
|b CAVAL
|c CAVAL
|d CARM 1 Store
|e A00951
|f A2:AG11H0
|h Other scheme
|i book
|m 0103976
|